| 000 | 00919nam a22002415i 4500 | ||
|---|---|---|---|
| 001 | 164276 | ||
| 003 | ES-MaACL | ||
| 005 | 20250930063144.0 | ||
| 008 | 990908s1880 sp |||| | spa d | ||
| 040 |
_aEUS _bspa _cEUS |
||
| 080 | _a34(460.152) | ||
| 100 | 1 |
_aSagarmínaga, Fidel de, _d1830-1894 _9101407 |
|
| 245 | 1 | 0 |
_aMemorias históricas de Vizcaya / _cpor D. Fidel de Sagarmínaga. |
| 260 |
_aBilbao : _bImp. Lit. y Lib. de Juan E. Delmas, _c1880. |
||
| 300 |
_aLXXV, 511 p. ; _c21 cm. |
||
| 597 | 1 | _aSignaturizado. | |
| 597 | 1 | _aPort. a dos tintas. | |
| 597 | 1 | _aAntep. | |
| 650 | 0 | 4 |
_aFueros- _zVizcaya. _912996 |
| 852 |
_aES-MaACL _jG-15788 _z-- Enc. hol., conservando la cub. original _z-- Legado de Modesto de La Fuente |
||
| 856 |
_uhttp://bibliotecadigitalhispanica.bne.es:80/webclient/DeliveryManager?pid=1865273&custom_att_2=simple_viewer _zIr a la página |
||
| 999 |
_c164276 _d164276 |
||